01570cam a2200433 i 450000100060000000300090000600500170001500800410003201500180007302000150009104000410010604100280014704600090017508000160018408000180020008000170021808000090023524501920024426000660043630000420050233600270054433700540057133800280062538000160065338800100066950000290067950400240070854600800073261000250081265000150083765000240085265100110087665100140088765500290090165800280093065800340095870000460099285600980103851424KOSZ 00520211123134838.0060624s2005 pl a |100 0 pol  aPB 2006/15129 a8392193733 aWA NcWA NdKOSZ 005/RWdKOSZ 005/HR0 apolaengaslobengbpol k2005 a338.43(438) a338.43(437.6) a338.43(4-67) a(06)00aPolski agrobiznes po wejściu do Unii Europejskiej :bpierwsze efekty i perspektywy /c[kom. red. Stanisław Sosnowski et al.] ; Wyższa Szkoła Inżynieryjno-Ekonomiczna w Ropczycach. aRopczyce :bWyższa Szkoła Inzynieryjno-Ekonomiczna,c2005. a191 s. :bil. (gł. kolor.) ;c23 cm. 2rdacontentaTekstbtxt 2rdamediaaBez urządzenia pośredniczącegobn 2rdacarrieraWoluminbnc aKsiążki a2001- aMateriały z seminarium. aBibliogr. przy ref. aTekst częśc. ang., słowac. Streszcz. ang., pol. przy niektórych ref.24aUnia Europejska (UE) 4aAgrobiznes 4aEkonomika rolnictwa 4aPolska 4aSłowacja 4aMateriały konferencyjne aRolnictwo i leśnictwo aGospodarka, ekonomia, finanse1 aSosnowski, Stanisławd(1949- )eRedakcja uhttp://koha.tu.koszalin.pl/cgi-bin/koha/opac-detail.pl?biblionumber=51424yKatalog online BPK